Early Renaissance (Record no. 6275)
[ view plain ]
| 000 -CABECERA | |
|---|---|
| campo de control de longitud fija | 00769nam a2200241 a 4500 |
| 001 - NÚMERO DE CONTROL | |
| campo de control | BRCA_6591 |
| 005 - FECHA Y HORA DE LA ÚLTIMA TRANSACCIÓN | |
| campo de control | 20190320205521.0 |
| 008 - DATOS DE LONGITUD FIJA--INFORMACIÓN GENERAL | |
| campo de control de longitud fija | 021011s1965----nyua######---#000-0#eng-# |
| 041 ## - CÓDIGO DE LENGUA | |
| Código de lengua del texto/banda sonora o título independiente | eng |
| 044 ## - CÓDIGO DEL PAÍS DE LA ENTIDAD EDITORA/PRODUCTORA | |
| Código MARC del país | u |
| 050 #4 - SIGNATURA TOPOGRÁFICA DE LA BIBLIOTECA DEL CONGRESO | |
| Número de clasificación | ND615 |
| Número de documento/Ítem | .C65 3 1965 |
| 100 1# - ENTRADA PRINCIPAL--NOMBRE DE PERSONA | |
| Nombre de persona | Gould, Cecil Hilton Monk, |
| Fechas asociadas al nombre | 1918-1994. |
| 9 (RLIN) | 16450 |
| 245 10 - MENCIÓN DE TÍTULO | |
| Título | Early Renaissance |
| Resto del título | Fifteenth Century Italian Painting |
| Mención de responsabilidad, etc. | by C. H. M. Gould. |
| 260 ## - PUBLICACIÓN, DISTRIBUCIÓN, ETC. | |
| Lugar de publicación, distribución, etc. | E. U. A. |
| Nombre del editor, distribuidor, etc. | McGraw-Hill |
| Fecha de publicación, distribución, etc. | c1965 |
| 300 ## - DESCRIPCIÓN FÍSICA | |
| Extensión | 47 p. |
| Otras características físicas | il. |
| Dimensiones | 25 cm. |
| Material acompañante/anejo | 24 diapositivas. |
| 440 #0 - MENCIÓN DE SERIE/PUNTO DE ACCESO ADICIONAL--TÍTULO | |
| Título | Color Slide Program of the World´s Art |
| Designación de volumen o secuencia | 3 |
| 9 (RLIN) | 16451 |
| 500 ## - NOTA GENERAL | |
| Nota general | Donación Dra. Elsa Barberena |
| 650 14 - PUNTO DE ACCESO ADICIONAL DE MATERIA--TÉRMINO DE MATERIA | |
| Término de materia o nombre geográfico como elemento de entrada | Renacimiento |
| Subdivisión general | Arte |
| Subdivisión geográfica | Italia |
| 9 (RLIN) | 16452 |
| 650 14 - PUNTO DE ACCESO ADICIONAL DE MATERIA--TÉRMINO DE MATERIA | |
| Término de materia o nombre geográfico como elemento de entrada | Pintura italiana |
| 9 (RLIN) | 10312 |
| 650 14 - PUNTO DE ACCESO ADICIONAL DE MATERIA--TÉRMINO DE MATERIA | |
| Término de materia o nombre geográfico como elemento de entrada | Pintura |
| Subdivisión general | Diapositivas |
| 9 (RLIN) | 16453 |
| 902 ## - CATALOGADOR | |
| Iniciales | DEB |
| 942 ## - ELEMENTOS DE PUNTO DE ACCESO ADICIONAL (KOHA) | |
| Fuente del sistema de clasificación o colocación | Library of Congress Classification |
| Tipo de ítem Koha | Libros |
| Estado de retiro | Estado de pérdida | Estado dañado | No para préstamo | Localización permanente | Ubicación/localización actual | Fecha de adquisición | Total de préstamos | Signatura topográfica completa | Código de barras | Fecha visto por última vez | Precio válido a partir de | Tipo de ítem Koha |
|---|---|---|---|---|---|---|---|---|---|---|---|---|
| El ejemplar forma parte de la colección y puede ser consultado según las políticas vigentes. | Biblioteca del Museo Franz Mayer (Rogerio Casas-Alatriste) | Biblioteca del Museo Franz Mayer (Rogerio Casas-Alatriste) | 02/10/2011 | ND615 .C65 3 1965 | DEB00038 | 22/03/2019 | 22/03/2019 | Libros |